000 00896nas a2200313 4500
001 BR0602610
003 BR-BrBNA
005 20231205110047.0
007 ta
008 230509b bl.|||p| |||| 00| 00por d
040 _aBR-BrBNA
_bpor
_cBiblioteca Nacional de Agricultura
041 _a(Pt)
072 _aP10
100 1 _aPereira, S.B.
100 1 _aPruski, F.F.
100 1 _aNovaes, L.F. de
100 1 _aSilva, D.D. da
100 1 _aRamos, M.M.
245 1 _aAnálise do comportamento hidrológico no Rio Verde Grande
650 _aRECURSO HÍDRICO
650 _aMANANCIAL
650 _aHIDROLOGIA
650 _aDEFICIÊNCIA HÍDRICA
650 _aIRRIGAÇÃO
650 _aMINAS GERAIS
773 0 _tEngenharia na Agricultura (Brazil)
_xISSN 1414-3984
_g(Jan-Mar 2005), v. 13(1) p. 55-60
_wBR0602610
909 _a202311
_bLúcia
_c55
_dLúcia Elande
942 _2AGRIS
_n0
_cANA
999 _c186029
_d186029